000 00397nam a2200157 i 4500
001 bg
100 1 _aWAWSZCZAK, J.
245 0 _aLaboratorium elektrotechniki i elektroniki /
_cJ. Wawszczak, S. Waluszak, Z. Rutka.
260 _aLublin,
_c1980.
700 1 _aWALUSZAK, S.
700 1 _aRUTKA, Z.
040 _cBPK
041 _apol
942 _cKS
008 s pl f |000 0 pol
999 _c20963
_d20963
856 _uhttp://koha.tu.koszalin.pl/cgi-bin/koha/opac-detail.pl?biblionumber=20963
_yKatalog online BPK